| 000 | 00395 a2200157 4500 | ||
|---|---|---|---|
| 020 | _a9695300243 | ||
| 040 |
_aDLC _bDLC |
||
| 082 | _a891.4391 | ||
| 100 | _aTalib Ansari | ||
| 245 |
_aHawaoon ko mubarak ho _cTalib Ansari |
||
| 260 |
_aRawalpindi. _bNawab sons publications; |
||
| 300 |
_a128p. _c24cm; |
||
| 500 | _aIncludes Index | ||
| 650 | _aUrdu Literature | ||
| 942 |
_cBK _k891.4391 TAL _2ddc |
||
| 999 |
_c8862 _d8862 |
||